Literary criticism in the Philippines and other essays / (Record no. 71557)
[ view plain ]
| 000 -LEADER | |
|---|---|
| fixed length control field | 02768nam a22002657a 4500 |
| 003 - CONTROL NUMBER IDENTIFIER | |
| control field | PILC |
| 005 - DATE AND TIME OF LATEST TRANSACTION | |
| control field | 20240126094318.0 |
| 008 - FIXED-LENGTH DATA ELEMENTS--GENERAL INFORMATION | |
| fixed length control field | 180306b1995 xxu||||| |||| 00| 0 eng d |
| 010 ## - LIBRARY OF CONGRESS CONTROL NUMBER | |
| LC control number | Acc#29188 |
| 020 ## - INTERNATIONAL STANDARD BOOK NUMBER | |
| International Standard Book Number | 9715550401 |
| 040 ## - CATALOGING SOURCE | |
| Transcribing agency | Philippine Baptist Theological Seminary |
| 050 ## - LIBRARY OF CONGRESS CALL NUMBER | |
| Classification number | Fil PN 81 |
| Item number | T443 1995 |
| 100 ## - MAIN ENTRY--PERSONAL NAME | |
| Personal name | Tiempo, Edilberto K. |
| Relator term | author |
| 245 ## - TITLE STATEMENT | |
| Title | Literary criticism in the Philippines and other essays / |
| Statement of responsibility, etc. | Edilberto K. Tiempo ; with an introduction by Joseph A. Galdon, S.J. |
| 264 ## - PRODUCTION, PUBLICATION, DISTRIBUTION, MANUFACTURE, AND COPYRIGHT NOTICE | |
| Place of production, publication, distribution, manufacture | Manila, Philippines : |
| Name of producer, publisher, distributor, manufacturer | De La Salle University Press, |
| Date of production, publication, distribution, manufacture, or copyright notice | ©1995 |
| 300 ## - PHYSICAL DESCRIPTION | |
| Extent | 360 pages ; |
| Dimensions | 23 cm |
| 505 ## - FORMATTED CONTENTS NOTE | |
| Formatted contents note | Contents:<br/>Introduction<br/>Literary criticism in the Philippines<br/>Nick Joaquin, The Legend of the Dying Wanton<br/>The Summer Solstice<br/>Rony Diaz, The Centipede<br/><br/>People Power and the Creative Writer <br/>The Role of the Writer in a Revolutionary Age<br/>The Challenge of National Growth to the Philippine Writer<br/>Outside the Ivory Tower<br/>That Oxymoron, Freedom<br/>The Fallacy of Expressive Form<br/>The Impact of the New Criticism in the Philippines<br/>Longinus on a Poem by Sappho<br/><br/>Aristotle's Idea of Plot Unity:<br/>It's Application to the short Story<br/>Gustave Flaubert, A Simple Heart <br/>Ambros Bierce, An Occurrence at Owl Creek Bridge<br/>Anton, Chekhov, The Lament<br/>General Observations on the Short Story <br/>Austin Warren on Kafka's <br/>The Penal Colony as Allegory<br/><br/>Poe's Unique Effect and Trilling's Peripheral Approach <br/>Edgar Allan Poe, The Cask of Amontillado<br/>Lionel Thrilling, The Other Margaret<br/><br/>Point of View: Definer of Meaning <br/>Ernest Hemingway, The Short Happy <br/>Life of Francis Macomber<br/>Manuel E. Arguilla, How My Brother Leon<br/>Brought Home a Wife<br/>William Faulkner, That Evening Sun<br/><br/>Whose Meaning?<br/>The Role of the Arts and Literature in Society<br/>Literature Teaching in the Philippines <br/>Consorcio Borje, The Shoes of Chadliwan<br/><br/>Reader as Co-Creator<br/>Man as Co-Creator<br/>On Liberal Education<br/>The Graduate School and the University<br/>The Rationale for Graduate Research in the Philippine Context<br/>Tagalog: The Fourth Colonization<br/>The Meaning of Suffering<br/>The Christian Faith and Literature<br/><br/>Lucasta: A New Look <br/>Richard Lovelace: Lucasta, Going to the Wars<br/><br/>Erotic Elements in Middle English Religious poetry on Christ and the Virgin<br/>Mindanao Harvest<br/>The Stories of Manuel E. Arguilla<br/>The Fiction of N. V. M. Gonzalez<br/>Carlos Bulosan and the Problem of Artistic Sensibility<br/>What the Critics Say about the Works of E. K. Tiempo |
| 650 ## - SUBJECT ADDED ENTRY--TOPICAL TERM | |
| Topical term or geographic name as entry element | Criticism |
| Geographic subdivision | Philippines |
| 650 ## - SUBJECT ADDED ENTRY--TOPICAL TERM | |
| Topical term or geographic name as entry element | Philippine Literature |
| Geographic subdivision | Philippines |
| 650 ## - SUBJECT ADDED ENTRY--TOPICAL TERM | |
| Topical term or geographic name as entry element | Literature and History |
| Geographic subdivision | Philippines |
| 650 ## - SUBJECT ADDED ENTRY--TOPICAL TERM | |
| Topical term or geographic name as entry element | Philippine essays (English) |
| Geographic subdivision | Philippines |
| 650 ## - SUBJECT ADDED ENTRY--TOPICAL TERM | |
| Topical term or geographic name as entry element | Literature |
| General subdivision | History and criticism |
| 650 ## - SUBJECT ADDED ENTRY--TOPICAL TERM | |
| Topical term or geographic name as entry element | Historiography |
| 942 ## - ADDED ENTRY ELEMENTS (KOHA) | |
| Source of classification or shelving scheme | Dewey Decimal Classification |
| Koha item type | Circulation Books |
| Withdrawn status | Lost status | Source of classification or shelving scheme | Damaged status | Not for loan | Home library | Current library | Shelving location | Date acquired | Source of acquisition | Total Checkouts | Full call number | Barcode | Date last seen | Date last checked out | Price effective from | Koha item type |
|---|---|---|---|---|---|---|---|---|---|---|---|---|---|---|---|---|
| Dewey Decimal Classification | PBTS Library | PBTS Library | Filipiniana Section | 03/06/2018 | Gift | 1 | Fil PN 81 T443 1995 | 29188 | 02/04/2026 | 06/19/2018 | 03/06/2018 | Circulation Books |